| 000 | 00408cam a2200169Ia 4500 | ||
|---|---|---|---|
| 020 | _a0072398485 | ||
| 040 | _cMVS | ||
| 082 | _a515 MCG 2002 A064 Or. | ||
| 100 | 1 | _aSmith, Robert T. | |
| 245 | 1 | 0 | _aCalculus / |
| 250 | _a2nd ed | ||
| 260 |
_aBoston : _bMcGraw-Hill, _cc2002 |
||
| 300 |
_axxxii, 1271 p. : _bill. (some col.) ; _c26 cm |
||
| 650 | 0 | _aCalculus | |
| 700 | 1 | _aMinton, Roland B., | |
| 942 | _cEK | ||
| 999 |
_c14012 _d14012 |
||